Artificial intelligence/ (Record no. 153100)

MARC details
000 -LEADER
fixed length control field 00723nam a22002297a 4500
005 - DATE AND TIME OF LATEST TRANSACTION
control field 20180629130548.0
010 ## - LCCN (DPL NO)
LC control number B-317334
020 ## - INTERNATIONAL STANDARD BOOK NUMBER
International Standard Book Number 9780074600818
035 ## - SYSTEM CONTROL NUMBER
System control number B-317334
037 ## - SOURCE OF ACQUISITION
Stock number dpl
Source of stock number/acquisition Tata McGraw-Hill
082 ## - DEWEY DECIMAL CLASSIFICATION NUMBER
Classification number 150
100 ## - MAIN ENTRY--PERSONAL NAME
Personal name Rich, Elaine
245 ## - TITLE STATEMENT
Title Artificial intelligence/
Statement of responsibility, etc by Rich Elaine [and] Knight Kevin
250 ## - EDITION STATEMENT
Edition statement 2nd ed
260 ## - PUBLICATION, DISTRIBUTION, ETC. (IMPRINT)
Place of publication, distribution, etc New Delhi
Name of publisher, distributor, etc Tata McGraw-Hill
Date of publication, distribution, etc 2006
270 ## - ADDRESS
Address 7 West Patel Nagar, New Delhi 110008
City New Delhi
Postal code 110008
300 ## - PHYSICAL DESCRIPTION
Extent 621p.
Dimensions 23cm (Pbk)
500 ## - GENERAL NOTE
General note It includes index
700 ## - ADDED ENTRY--PERSONAL NAME
Personal name Knight, Kevin
942 ## - ADDED ENTRY ELEMENTS (KOHA)
Source of classification or shelving scheme Dewey Decimal Classification
Item type English Books
Call number suffix RIC
Classification part 150
Holdings
Withdrawn status Lost status Not for loan Collection code Home library Current library Date acquired Full call number Barcode Koha item type
      Non-fiction Sarojini Nagar Sarojini Nagar 26/06/2018 150 RIC B-317334 English Books

© Delhi Public Library
Hit Counter
free hit counter